| 000 | 00504cam a2200181 a 4500 | ||
|---|---|---|---|
| 020 | _a2225784639 : | ||
| 040 | _cDLC | ||
| 082 | 0 | 0 | _a333 MAS 1983 A065 Or. |
| 100 | 2 | _aErhard-Cassegrain, Annie. | |
| 245 | 1 | 0 | _aIntroduction à l'économie générale de l'eau / |
| 260 |
_aParis ; _aNew York : _bMasson, _c1983. |
||
| 300 |
_axii, 361 p. : _bill. ; _c25 cm. |
||
| 500 | _aIncludes index. | ||
| 650 | 0 | _aWater-supply | |
| 650 | 0 | _aWater resources development | |
| 700 | 1 | _aMargat, Jean F. | |
| 942 | _cFB | ||
| 999 |
_c14115 _d14115 |
||